Stemmi Squadre di calcio dal dettaglio - Europa - Quiz n°8 - Statistics

Statistiche generali
  • Questo quiz è stato fatto 15 volte
  • Il punteggio medio è 7 su 10
Statistiche sulle risposte
con Immagini Risposta % Corretto
Amburgo
92%
Copenaghen
92%
Hannover 96
92%
Sporting Lisbona
92%
Brøndby
77%
Rosenborg
77%
Triestina
69%
Aalborg
46%
BATE Borisov
46%
Nancy
31%
Nessun quiz corrispondente trovato
Distribuzione punteggi
Percentuale di utenti per punteggio
Percentile per numero di risposta
I tuoi punteggi nel tempo
Non hai fatto questo quiz